01255cam a22003254a 450000100090000000300050000900500170001400800410003101000170007202000180008904000180010704200080012505000230013308200110015610000300016724501140019725000170031126000570032830000470038550000980043250400610053065000300059165000200062170000230064170000450066490600450070994200170075499900190077195201390079017436787PILC20160119074310.0120821s2013 nyua b 001 0 eng  a 2012032968 a9789814581714 aDLCcDLCdDLC apcc00aRC 454b.H334 201300a616.891 aWhitbourne, Susan Krauss.10aAbnormal psychology :bclinical perspectives on psychological disorders /cSusan Whitbourne, Halgin, Richard. a7th edition. aNew York, NY :bMcGraw-Hill Higher Education,c2013. a402 pages :bcolor illustrations ;c29 cm. aRev. ed. of: Abnormal psychology / Richard P. Halgin, Susan Krauss Whitbourne. c2010. 6th ed. aIncludes glossary, bibliographical references and index. 0aPsychology, Pathological. 0aMental illness.1 aHalgin, Richard P.1 aHalgin, Richard P.tAbnormal psychology. a7bcbccorignewd1eecipf20gy-gencatlg 2lcccBKkFOR c290438d290438 00102lcc40aCLbCLcRESd2016-01-19eLibrary Fundl6m81oRC 454 .H334 2013pC20370r2020-02-15 00:00:00s2020-02-05w2016-01-19yBK